Minecraft Creeper Quiz - Statistics

General Stats
  • This quiz has been taken 480 times
    477 since last reset
  • The average score is 10 of 12
Answer Stats
Hint Answer % Correct
If a creeper is killed by another creeper, it will drop 3x more gunpowder. True/False False
93%
Do creepers burn in day time? No
93%
What the creeper does when a player approaches it Explode
91%
What creepers drop upon death Gunpowder
91%
What creepers are afraid of Ocelot
91%
The original mob Notch intended to make but accidentally made the creeper. Pig
91%
Creepers originally made the zombie noises before being given their own. True/False True
91%
What a creeper has to be killed by to drop discs Skeleton
82%
A creeper can turn into a charged creeper when it is... Hit by lightning
77%
What you can use to activate a creeper in creative mode Flint’n Steel
76%
The biome in which the above is found in Jungle
74%
The creeper was introduced to minecraft in 2009 on... August 31st
4%
No matching quizzes found
Score Distribution
Percent of People with Each Score
Percentile by Number Answered
Your Score History
You have not taken this quiz since the last reset